[Event "Piestany Slovakia op-B"]
[Site "Piestany"]
[Date "2022.07.15"]
[Round "6"]
[White "Frundina, Yelyzaveta"]
[Black "Sahidi, Shabir"]
[Result "1/2-1/2"]
[WhiteElo "1608"]
[BlackElo "1498"]
[PlyCount "67"]
[EventDate "2022.07.11"]
[EventType "swiss"]
[EventRounds "9"]
[EventCountry "SVK"]
[SourceTitle "CBM 209 Extra"]
[Source "ChessBase"]
[SourceDate "2022.09.30"]
[SourceVersion "1"]
[SourceVersionDate "2022.09.30"]
[SourceQuality "1"]

1. e4 e5 2. Nf3 Nc6 3. Bb5 Bc5 4. c3 a6 5. Ba4 d6 6. 0-0 Bd7 7. d4 exd4 8. cxd4 Ba7 9. Nc3 Nge7 10. Bg5 b5 11. Bc2 Bg4 12. Nd5 f6 13. Bxf6 0-0 14. Bb3 Kh8 15. Bh4 Qd7 16. Rc1 Nxd5 17. Bxd5 Nxd4 18. Rc3 c6 19. Bb3 Bxf3 20. gxf3 Nxf3+ 21. Rxf3 Qg4+ 22. Rg3 Qxh4 23. Qc2 Rac8 24. Be6 Rce8 25. Bf5 h6 26. Qc3 Qf6 27. Qxc6 Bd4 28. Rg6 Qh4 29. Rg4 Qf6 30. Rg6 Qh4 31. Rg4 Qh5 32. Qd7 Rd8 33. Qe6 Rde8 34. Qd7 1/2-1/2